[Event "11th Essent op"]
[Site "Hoogeveen NED"]
[Date "2007.10.20"]
[Round "9.3"]
[White "Smeets, Jan"]
[Black "Winants, Luc"]
[Result "1-0"]
[WhiteElo "2558"]
[BlackElo "2504"]
[EventDate "2007.10.12"]
[PlyCount "141"]

1.e4 e5 2.Nf3 Nc6 3.Bb5 a6 4.Ba4 d6 5.O-O Bd7 6.c3 g6 7.d4 Bg7 8.a3 Nf6 9.
Re1 b5 10.Bb3 O-O 11.Nbd2 Re8 12.Ba2 Nh5 13.dxe5 Nxe5 14.Nxe5 dxe5 15.Nb3 
Be6 16.Be3 Nf6 17.f3 Nd7 18.a4 Bf8 19.Nc1 Bxa2 20.Rxa2 Nc5 21.axb5 axb5 
22.Rxa8 Qxa8 23.Qe2 c6 24.Rd1 Rd8 25.Rxd8 Qxd8 26.g3 Qd7 27.Kg2 h5 28.c4 
bxc4 29.Qxc4 Ne6 30.Nd3 Bd6 31.Bd2 Bc7 32.Be3 Bd6 33.Qc3 Qc7 34.Kf2 Nf8 
35.Nc1 Ne6 36.Nb3 h4 37.gxh4 Be7 38.h5 gxh5 39.Na5 Nd4 40.Kg2 c5 41.Nc4 
Qb8 42.Qe1 Qb3 43.Nxe5 Qxb2+ 44.Kh3 Qb3 45.Qg3+ Kh7 46.f4 Qe6+ 47.f5 Nxf5 
48.exf5 Qxf5+ 49.Kg2 Bd6 50.Bf4 c4 51.Qe3 c3 52.Qxc3 Qxf4 53.Qd3+ Kg7 54.
Qxd6 Qg5+ 55.Kf3 Qf5+ 56.Ke3 Qg5+ 57.Kd3 Qf5+ 58.Kc3 Qf4 59.Qd4 Qc1+ 60.
Kd3 Qd1+ 61.Ke4 Qe2+ 62.Kf5 Qc2+ 63.Nd3+ Kh7 64.Qd6 Qg2 65.Kf6 Qg7+ 66.Ke7
Kg8 67.Qg3 Kh7 68.Qxg7+ Kxg7 69.Nf4 Kh6 70.Kf6 h4 71.h3 1-0

[Event "11th Essent op"]
[Site "Hoogeveen NED"]
[Date "2007.10.20"]
[Round "9.4"]
[White "Visser, Yge"]
[Black "Werle, Jan"]
[Result "0-1"]
[WhiteElo "2470"]
[BlackElo "2568"]
[EventDate "2007.10.12"]
[PlyCount "102"]

1.e4 e5 2.Nf3 Nc6 3.Bb5 a6 4.Ba4 Nf6 5.O-O Be7 6.Re1 b5 7.Bb3 d6 8.a3 O-O 
9.d3 Bb7 10.Nc3 Kh8 11.Ne2 Nh5 12.g4 f5 13.gxf5 g6 14.Ng3 Nxg3 15.hxg3 
gxf5 16.Bd5 Na5 17.Bxb7 Nxb7 18.d4 f4 19.Kg2 Bf6 20.dxe5 dxe5 21.Qxd8 Nxd8
22.b3 fxg3 23.fxg3 Nf7 24.Bb2 Rfd8 25.Re2 Kg7 26.Rh1 Rd7 27.g4 Re8 28.Kg3 
Bg5 29.Nxg5 Nxg5 30.Rh5 Nf7 31.Reh2 h6 32.Bc1 Re6 33.Rh1 Rc6 34.R5h2 Rc3+ 
35.Kh4 Kg6 36.Rf2 Ng5 37.Bb2 Rd1 38.Rhh2 Re3 39.Bxe5 Nf3+ 40.Rxf3 Rxf3 41.
Bxc7 Rg1 42.Bb6 Re1 43.Ba5 Rxe4 44.Rd2 Re6 45.Rd4 Re2 46.Rd6+ Rf6 47.Rxf6+
Kxf6 48.a4 Rxc2 49.axb5 axb5 50.Be1 Re2 51.Bc3+ Kg6 0-1

[Event "11th Essent op"]
[Site "Hoogeveen NED"]
[Date "2007.10.20"]
[Round "9.5"]
[White "Van Delft, Merijn"]
[Black "Nijboer, Friso"]
[Result "0-1"]
[WhiteElo "2418"]
[BlackElo "2559"]
[EventDate "2007.10.12"]
[PlyCount "96"]

1.e4 e5 2.Nf3 Nc6 3.Bb5 a6 4.Ba4 Nf6 5.O-O Bc5 6.Bxc6 dxc6 7.d3 Qe7 8.Nbd2
Bg4 9.Nc4 Nd7 10.Be3 f6 11.Bxc5 Nxc5 12.Ne3 Bh5 13.Nf5 Qf8 14.Ng3 Bf7 15.
Qe1 Ne6 16.b4 h5 17.h4 c5 18.a3 O-O-O 19.Rb1 b6 20.Qe3 Qd6 21.Rfd1 Nd4 22.
c3 Nxf3+ 23.Qxf3 Be6 24.Qe3 cxb4 25.axb4 g5 26.hxg5 fxg5 27.d4 Bg4 28.Rd2 
h4 29.Nf5 Bxf5 30.exf5 h3 31.g4 Rh4 32.Qe4 Qd5 33.Re1 h2+ 34.Kh1 Rxg4 35.
Qxd5 Rxd5 36.Rxe5 Rd7 37.Re8+ Kb7 38.Rh8 Rf4 39.Kxh2 Rf7 40.d5 R4xf5 41.
Kg2 Rd7 42.c4 b5 43.cxb5 axb5 44.Ra2 Rdxd5 45.Rha8 Rd4 46.R2a7+ Kc6 47.
Ra6+ Kd7 48.Rg8 Rg4+ 0-1

[Event "11th Essent op"]
[Site "Hoogeveen NED"]
[Date "2007.10.20"]
[Round "9.7"]
[White "Abergel, Thal"]
[Black "Vedder, Henk"]
[Result "1/2-1/2"]
[WhiteElo "2528"]
[BlackElo "2364"]
[EventDate "2007.10.12"]
[PlyCount "63"]

1.e4 e6 2.d4 d5 3.Nd2 c5 4.Ngf3 Nf6 5.exd5 exd5 6.Bb5+ Bd7 7.Qe2+ Be7 8.
dxc5 O-O 9.O-O Re8 10.Nb3 Bxc5 11.Qd3 Bxb5 12.Qxb5 Bb6 13.Bg5 Qd7 14.Qd3 
Ne4 15.Rad1 Nc6 16.c3 f6 17.Bh4 Rad8 18.Bg3 Qg4 19.Nbd4 Nxd4 20.Nxd4 Nxg3 
21.hxg3 Bxd4 22.cxd4 Qd7 23.Rc1 Rc8 24.Qb3 Kh8 25.Kh2 b6 26.Rfe1 Rxe1 27.
Rxe1 Kg8 28.Qf3 h6 29.b4 Rc4 30.Qd3 Rxb4 31.Rc1 b5 32.Re1 1/2-1/2

[Event "11th Essent op"]
[Site "Hoogeveen NED"]
[Date "2007.10.20"]
[Round "9.8"]
[White "Rasmussen, Allan Stig"]
[Black "Pruijssers, Roeland"]
[Result "0-1"]
[WhiteElo "2485"]
[BlackElo "2408"]
[EventDate "2007.10.12"]
[PlyCount "90"]

1.e4 e5 2.Nf3 Nc6 3.Bb5 a6 4.Ba4 Nf6 5.O-O Be7 6.Re1 b5 7.Bb3 d6 8.c3 O-O 
9.h3 Nb8 10.d4 Nbd7 11.Nbd2 Bb7 12.Bc2 Re8 13.Nf1 Bf8 14.Ng3 g6 15.b3 d5 
16.Bg5 h6 17.Bh4 g5 18.Nxg5 hxg5 19.Bxg5 exd4 20.e5 Rxe5 21.Rxe5 Nxe5 22.
cxd4 Nc6 23.Qd3 Nb4 24.Qf3 Be7 25.Bb1 Ne4 26.Bh6 Bg5 27.Nxe4 Bxh6 28.Nf6+ 
Kf8 29.Nh7+ Kg8 30.Nf6+ Kf8 31.Nh7+ Kg8 32.Qg3+ Kh8 33.Qe5+ Bg7 34.Qh5 Kg8
35.Ng5 Qe7 36.Bh7+ Kf8 37.Nf3 Re8 38.Re1 Qf6 39.Ne5 Re7 40.Re3 Qh6 41.Qf3 
Bxe5 42.dxe5 Nc6 43.Kh2 d4 44.Re4 Nxe5 45.Rxe5 Qg7 0-1

[Event "11th Essent op"]
[Site "Hoogeveen NED"]
[Date "2007.10.20"]
[Round "9.9"]
[White "Smerdon, David"]
[Black "Grooten, Herman"]
[Result "0-1"]
[WhiteElo "2466"]
[BlackElo "2350"]
[EventDate "2007.10.12"]
[PlyCount "80"]

1.d4 Nf6 2.c4 e6 3.Nf3 b6 4.g3 Ba6 5.Qc2 d5 6.Ne5 Bd6 7.Bg2 O-O 8.O-O c5 
9.cxd5 Nxd5 10.Nc3 Bxe5 11.dxe5 Nc6 12.Qa4 Bb7 13.Nxd5 exd5 14.f4 Qd7 15.
Rd1 Nxe5 16.Qb3 Ng4 17.Qf3 Rad8 18.b4 Rfe8 19.bxc5 bxc5 20.h3 Nf6 21.Bb2 
Ne4 22.Qa3 d4 23.Rab1 Nc3 24.Bxb7 Nxb1 25.Qf3 Re3 26.Qf2 Nc3 27.Bxc3 Rxc3 
28.Qg2 Qa4 29.Rd2 Qa3 30.Kh2 Qc1 31.Rd3 Re8 32.Be4 Rxd3 33.Bxd3 g6 34.Qc6 
Re3 35.f5 Qe1 36.Qg2 Kg7 37.h4 gxf5 38.h5 Qd2 39.g4 Rxd3 40.gxf5+ Kh6 0-1

[Event "11th Essent op"]
[Site "Hoogeveen NED"]
[Date "2007.10.20"]
[Round "9.10"]
[White "Mamedjarova, Zeinab"]
[Black "Simutowe, Amon"]
[Result "0-1"]
[WhiteElo "2342"]
[BlackElo "2421"]
[EventDate "2007.10.12"]
[PlyCount "80"]

1.d4 Nf6 2.c4 e6 3.Nf3 Bb4+ 4.Bd2 Bxd2+ 5.Nbxd2 O-O 6.e3 b6 7.Be2 Bb7 8.
Qc2 c5 9.dxc5 bxc5 10.O-O Qb6 11.Rfd1 Nc6 12.Ng5 Nb4 13.Qb1 d5 14.a3 Nc6 
15.Qc2 h6 16.Ngf3 Ba6 17.Bf1 Na5 18.Rac1 Rfc8 19.cxd5 Bxf1 20.Rxf1 exd5 
21.b4 Nb7 22.bxc5 Rxc5 23.Qd3 Rac8 24.Rb1 Qc7 25.Nd4 Rc3 26.Qb5 Nc5 27.Qe2
Qa5 28.Rb5 Qa4 29.Qf3 Ne6 30.N2b3 Nxd4 31.Nxd4 Rc1 32.Rb1 Qxa3 33.Rbxc1 
Rxc1 34.Qe2 a5 35.g3 Ne4 36.Rxc1 Qxc1+ 37.Kg2 Nd2 38.Qa6 a4 39.h4 a3 40.
Nb5 Qf1+ 0-1

[Event "11th Essent op"]
[Site "Hoogeveen NED"]
[Date "2007.10.20"]
[Round "9.11"]
[White "Peng, Zhaoqin"]
[Black "Erwich, Frank"]
[Result "1-0"]
[WhiteElo "2419"]
[BlackElo "2346"]
[EventDate "2007.10.12"]
[PlyCount "127"]

1.d4 Nf6 2.c4 e6 3.g3 Be7 4.Bg2 O-O 5.e4 c5 6.d5 d6 7.Nc3 exd5 8.cxd5 Re8 
9.Nge2 Bf8 10.a4 Na6 11.O-O Nc7 12.h3 b6 13.f4 Rb8 14.g4 a6 15.Ng3 b5 16.
g5 Nd7 17.a5 b4 18.Nb1 c4 19.Nd2 c3 20.bxc3 bxc3 21.Nb3 Nb5 22.Be3 Qc7 23.
Qc2 Bb7 24.Bf2 Rec8 25.h4 Qc4 26.Rfd1 Ba8 27.Bh3 Rc7 28.Rdb1 Rcb7 29.Bf1 
Qb4 30.Nc5 Nd4 31.Rxb4 Nxc2 32.Rxb7 Nxa1 33.Rxb8 Nxb8 34.Nxa6 c2 35.Be3 
Nxa6 36.Bxa6 Nb3 37.Ne2 Be7 38.Bd3 Nxa5 39.Bxc2 Bd8 40.Bd3 Bc7 41.Nc3 Bb7 
42.Kf2 Kf8 43.Ba7 Ke7 44.Ke3 Nb3 45.Bc4 Na5 46.Be2 Nb3 47.Nb5 Ba5 48.Bc4 
Nd2 49.Bd3 Nb3 50.Bc2 Nd2 51.Bb8 Ba6 52.Nxd6 Nf1+ 53.Kf2 Bb6+ 54.Kf3 Nd2+ 
55.Kg2 g6 56.f5 Bd4 57.f6+ Kf8 58.Bc7 Nf1 59.Kf3 Nh2+ 60.Kf4 Be2 61.e5 Ng4
62.Nxf7 Bg1 63.Bd6+ Kg8 64.Nd8 1-0

[Event "11th Essent op"]
[Site "Hoogeveen NED"]
[Date "2007.10.20"]
[Round "9.12"]
[White "Willemze, Thomas"]
[Black "Kodentsov, Grigori"]
[Result "1/2-1/2"]
[WhiteElo "2417"]
[BlackElo "2307"]
[EventDate "2007.10.12"]
[PlyCount "82"]

1.e4 c5 2.Nf3 d6 3.d4 cxd4 4.Nxd4 Nf6 5.Nc3 a6 6.g3 e5 7.Nde2 Nbd7 8.Bg2 
b5 9.a3 Bb7 10.O-O Rc8 11.h3 Rc4 12.g4 g6 13.Ng3 h5 14.g5 Nh7 15.h4 Bg7 
16.Be3 Nc5 17.Qd2 Ne6 18.Rad1 O-O 19.b3 Rc8 20.Nge2 Nf4 21.Qxd6 Nxe2+ 22.
Nxe2 Qxd6 23.Rxd6 Rxc2 24.Nc1 Re8 25.Rfd1 Bf8 26.Rd8 Rc8 27.Rxe8 Rxe8 28.
b4 a5 29.bxa5 Bxa3 30.Nb3 Nf8 31.Bf1 Bxe4 32.Bxb5 Rb8 33.Bb6 Ne6 34.Nd2 
Bc2 35.Ra1 Bb4 36.Nc4 Nd4 37.Ne3 Be4 38.Ra4 Bxa5 39.Bxd4 Rxb5 40.Bxe5 Bc6 
41.Rc4 Rxe5 1/2-1/2

[Event "11th Essent op"]
[Site "Hoogeveen NED"]
[Date "2007.10.20"]
[Round "9.13"]
[White "Tondivar, Babak"]
[Black "Pel, Bonno"]
[Result "1-0"]
[WhiteElo "2353"]
[BlackElo "2280"]
[EventDate "2007.10.12"]
[PlyCount "93"]

1.d4 d6 2.e4 g6 3.Nf3 Nf6 4.Bd3 Bg7 5.O-O O-O 6.c3 Nc6 7.h3 e5 8.Re1 Nh5 
9.Be3 h6 10.Nbd2 Qf6 11.Bf1 Nf4 12.Kh2 g5 13.g3 Nxh3 14.Bxh3 g4 15.dxe5 
dxe5 16.Bg2 gxf3 17.Qxf3 Qg6 18.Bh3 Bxh3 19.Kxh3 f5 20.exf5 Rxf5 21.Qe4 h5
22.Kg2 Raf8 23.Nf3 Qf7 24.Nh4 Rf6 25.Re2 Ne7 26.Bc5 Re8 27.Qxb7 Nc6 28.Qb3
Rfe6 29.Re4 Bf8 30.Bxf8 Rxf8 31.Rf1 Rb8 32.Qc2 Rf6 33.Qe2 Qxa2 34.Qxh5 Qd5
35.Qg4+ Kf7 36.Rd1 Qc5 37.Nf5 Rg8 38.Qh5+ Ke6 39.Nd4+ Nxd4 40.cxd4 Qc2 41.
Qxe5+ Kd7 42.Qd5+ Rd6 43.Qf5+ Kc6 44.d5+ Kc5 45.Qf3 a5 46.Qe3+ Kb5 47.Rc1 
1-0

[Event "11th Essent op"]
[Site "Hoogeveen NED"]
[Date "2007.10.20"]
[Round "9.14"]
[White "Afek, Yochanan"]
[Black "Bok, Benjamin"]
[Result "1-0"]
[WhiteElo "2350"]
[BlackElo "2115"]
[EventDate "2007.10.12"]
[PlyCount "57"]

1.e4 e5 2.Nf3 Nc6 3.Bb5 a6 4.Ba4 Nf6 5.Qe2 Be7 6.O-O b5 7.Bb3 O-O 8.c3 d6 
9.Rd1 Na5 10.Bc2 c5 11.d4 Qc7 12.d5 Bd7 13.Nbd2 Nb7 14.Nf1 Ne8 15.h3 g6 
16.g4 Ng7 17.Bh6 Nd8 18.Ng3 f6 19.Kh2 Nf7 20.Be3 Kh8 21.Nd2 Qd8 22.Rg1 f5 
23.gxf5 gxf5 24.exf5 Bh4 25.f4 Bf6 26.Qd3 e4 27.Qxe4 Nxf5 28.Nxf5 Re8 29.
Nxd6 1-0

[Event "11th Essent op"]
[Site "Hoogeveen NED"]
[Date "2007.10.20"]
[Round "9.15"]
[White "Mamedjarova, Turkan"]
[Black "Humphrey, Jonathan"]
[Result "1-0"]
[WhiteElo "2227"]
[BlackElo "2284"]
[EventDate "2007.10.12"]
[PlyCount "103"]

1.e4 e6 2.d4 d5 3.exd5 exd5 4.Bd3 Nc6 5.c3 Bd6 6.Qf3 Nf6 7.h3 O-O 8.Ne2 
Re8 9.O-O Ne4 10.Nf4 Bf8 11.Nd2 Bf5 12.Bxe4 dxe4 13.Qe2 a6 14.Nc4 h6 15.b3
Bh7 16.d5 Ne5 17.Nxe5 Rxe5 18.c4 Bd6 19.g3 Rf5 20.Ng2 Qd7 21.Bb2 Rg5 22.h4
Rf5 23.Qg4 Bf8 24.Rad1 Rd8 25.Ne3 Rf3 26.Qxd7 Rxd7 27.Bd4 b6 28.Ng4 f6 29.
Be3 Rf5 30.Bf4 g5 31.hxg5 hxg5 32.Bc1 Bg6 33.Rde1 Rf3 34.Re3 Kf7 35.Rxf3 
exf3 36.Bxg5 Be7 37.Bf4 Bd3 38.Rd1 Be2 39.Rd4 b5 40.Be3 bxc4 41.bxc4 Bd6 
42.Nh6+ Kg6 43.Rg4+ Kh7 44.Nf5 Be5 45.Bd4 Bd3 46.Ne3 Rd8 47.Bxe5 fxe5 48.
Rg5 e4 49.c5 Rd7 50.Ng4 Rd8 51.Re5 Kg6 52.Re6+ 1-0

[Event "11th Essent op"]
[Site "Hoogeveen NED"]
[Date "2007.10.20"]
[Round "9.17"]
[White "Okkes, Menno"]
[Black "Vuilleumier, Alexandre"]
[Result "1/2-1/2"]
[WhiteElo "2386"]
[BlackElo "2315"]
[EventDate "2007.10.12"]
[PlyCount "58"]

1.e4 c5 2.Nf3 d6 3.d4 cxd4 4.Nxd4 Nf6 5.Nc3 a6 6.Be3 e5 7.Nb3 Be6 8.Qd2 
Nbd7 9.f3 Be7 10.g4 Nb6 11.g5 Nh5 12.O-O-O Rc8 13.Kb1 O-O 14.Rg1 Qc7 15.
Qf2 Nc4 16.Bxc4 Qxc4 17.Nd5 Bd8 18.Nc1 g6 19.b3 Qc6 20.Nd3 a5 21.f4 f5 22.
gxf6 Nxf6 23.Nxf6+ Rxf6 24.Qg2 exf4 25.Nxf4 Bb6 26.Nd5 Bxd5 27.exd5 Qc7 
28.Bxb6 Qxb6 29.Rgf1 Rxf1 1/2-1/2

[Event "11th Essent op"]
[Site "Hoogeveen NED"]
[Date "2007.10.20"]
[Round "9.19"]
[White "Ruijgrok, Dennis"]
[Black "Schuurman, Petra"]
[Result "1-0"]
[WhiteElo "2330"]
[BlackElo "2281"]
[EventDate "2007.10.12"]
[PlyCount "123"]

1.e4 c6 2.d4 d5 3.f3 e6 4.Nc3 Bb4 5.Qd3 Ne7 6.Bd2 b6 7.Nge2 Ba6 8.Qe3 O-O 
9.a3 Bxc3 10.Bxc3 Nd7 11.O-O-O Bxe2 12.Bxe2 a5 13.Be1 b5 14.Bh4 Nb6 15.
exd5 Nbxd5 16.Qe4 Qb6 17.Bxe7 Nxe7 18.Bd3 g6 19.Qe5 Rfd8 20.Be4 b4 21.a4 
Rd7 22.h4 Rad8 23.h5 Rxd4 24.Rde1 R4d6 25.hxg6 fxg6 26.Qh2 h5 27.g4 Qd4 
28.gxh5 g5 29.Qg2 Qd2+ 30.Qxd2 Rxd2 31.Reg1 Kh8 32.Rxg5 Nf5 33.Bxf5 R2d5 
34.Rg6 Rxf5 35.Rxe6 c5 36.Rc6 Rdd5 37.h6 Rxf3 38.h7 Rf8 39.b3 Ra8 40.Rc7 
Rg5 41.Rh6 c4 42.Rxc4 Rd8 43.Rh1 Rgd5 44.Rc6 Rf5 45.Rh2 Rfd5 46.Kb2 Rf8 
47.Rb6 Ra8 48.Rb5 Rd7 49.Rhh5 Rda7 50.Kc1 Ra6 51.Rbd5 R6a7 52.Kd1 Ra6 53.
Kd2 R6a7 54.Kd3 Ra6 55.Kc4 R6a7 56.Rc5 Ra6 57.Rcg5 Rc8+ 58.Kb5 Rb8+ 59.
Kxa6 Rb6+ 60.Kxa5 Ra6+ 61.Kb5 Ra5+ 62.Kc4 1-0

[Event "11th Essent op"]
[Site "Hoogeveen NED"]
[Date "2007.10.20"]
[Round "9.20"]
[White "Van Eijk, Sander"]
[Black "Pg, Mohd Omar Ak Hirawa"]
[Result "1-0"]
[WhiteElo "2275"]
[BlackElo "2316"]
[EventDate "2007.10.12"]
[PlyCount "51"]

1.e4 c5 2.Nf3 Nc6 3.d4 cxd4 4.Nxd4 Nf6 5.Nc3 e5 6.Ndb5 d6 7.Bg5 a6 8.Na3 
b5 9.Bxf6 gxf6 10.Nd5 f5 11.Bd3 Be6 12.O-O f4 13.c4 b4 14.Nc2 Rb8 15.a3 
bxa3 16.Rxa3 a5 17.b4 axb4 18.Rb3 Rg8 19.Ndxb4 Bh3 20.g3 Nxb4 21.Nxb4 Qb6 
22.c5 dxc5 23.Nd5 Qxb3 24.Nf6+ Ke7 25.Nxg8+ Kd6 26.Qxb3 1-0

[Event "11th Essent op"]
[Site "Hoogeveen NED"]
[Date "2007.10.20"]
[Round "9.21"]
[White "Vedder, Richard"]
[Black "Van Weersel, Arlette"]
[Result "1-0"]
[WhiteElo "2297"]
[BlackElo "2174"]
[EventDate "2007.10.12"]
[PlyCount "59"]

1.Nf3 d5 2.b3 Nf6 3.Bb2 c6 4.e3 Bg4 5.h3 Bh5 6.d3 Nbd7 7.Nbd2 Qc7 8.Be2 e6
9.c4 h6 10.cxd5 exd5 11.Nh4 Bxe2 12.Qxe2 Bd6 13.Nf5 O-O 14.g4 Be5 15.d4 
Bd6 16.h4 Bb4 17.O-O-O Kh7 18.g5 Ng8 19.Rdg1 g6 20.Nxh6 Nxh6 21.h5 Rg8 22.
hxg6+ fxg6 23.Rxh6+ Kg7 24.Rgh1 Rh8 25.Qg4 Rxh6 26.gxh6+ Kh7 27.Nf3 Be7 
28.Qe6 Bf6 29.Qf7+ Kh8 30.Ng5 1-0

[Event "11th Essent op"]
[Site "Hoogeveen NED"]
[Date "2007.10.20"]
[Round "9.22"]
[White "Hedke, Fred"]
[Black "Akotchik, Victor"]
[Result "1/2-1/2"]
[WhiteElo "2323"]
[BlackElo "2015"]
[EventDate "2007.10.12"]
[PlyCount "39"]

1.e4 d5 2.exd5 Nf6 3.c4 c6 4.d4 cxd5 5.Nc3 e6 6.Nf3 Bb4 7.Be2 Ne4 8.Qb3 
Qa5 9.O-O Bxc3 10.bxc3 Qxc3 11.Qb5+ Nc6 12.cxd5 a6 13.Qb1 exd5 14.Bb2 Qa5 
15.Bd3 f5 16.Qc1 O-O 17.Qf4 Qb4 18.Qc1 Qa5 19.Qf4 Qb4 20.Qc1 1/2-1/2

[Event "11th Essent op"]
[Site "Hoogeveen NED"]
[Date "2007.10.20"]
[Round "9.23"]
[White "Miedema, David"]
[Black "Meurs, Tom WA"]
[Result "1/2-1/2"]
[WhiteElo "2303"]
[BlackElo "2051"]
[EventDate "2007.10.12"]
[PlyCount "91"]

1.d4 d5 2.c4 c6 3.Nf3 Nf6 4.Qc2 Bg4 5.Ne5 Bh5 6.e3 Nbd7 7.f4 e6 8.Bd3 Bg6 
9.O-O Bxd3 10.Qxd3 Ne4 11.b3 f5 12.Ba3 Nxe5 13.fxe5 Bxa3 14.Nxa3 O-O 15.
Nb1 Qa5 16.a3 b5 17.c5 Rf7 18.a4 Rb8 19.Na3 bxa4 20.Nc2 Qd2 21.Qxd2 Nxd2 
22.Rfd1 axb3 23.Rxd2 bxc2 24.Rxc2 f4 25.exf4 Rxf4 26.h3 Rxd4 27.Rxa7 Rc4 
28.Rf2 Rf8 29.Rb2 Rd8 30.Rbb7 Rxc5 31.Rxg7+ Kh8 32.Rxh7+ Kg8 33.Rag7+ Kf8 
34.h4 Rc4 35.g3 Ra8 36.Kg2 Re4 37.Rg5 Ra2+ 38.Kh3 Rae2 39.h5 Rxe5 40.Rxe5 
Rxe5 41.g4 d4 42.h6 Rd5 43.Rh8+ Kf7 44.Re8 Kg6 45.Rxe6+ Kh7 46.Rxc6 
1/2-1/2

[Event "11th Essent op"]
[Site "Hoogeveen NED"]
[Date "2007.10.20"]
[Round "9.24"]
[White "Vroombout, Enrico"]
[Black "Hamelink, Desiree"]
[Result "1/2-1/2"]
[WhiteElo "2141"]
[BlackElo "2202"]
[EventDate "2007.10.12"]
[PlyCount "138"]

1.e4 c5 2.Nf3 e6 3.d4 cxd4 4.Nxd4 a6 5.Bd3 Nf6 6.O-O d6 7.a4 b6 8.Nc3 Bb7 
9.f4 Nbd7 10.Qf3 Be7 11.Bd2 O-O 12.Qh3 Nc5 13.Rae1 Re8 14.f5 e5 15.Nf3 d5 
16.Bg5 Nfxe4 17.Bxe7 Qxe7 18.Bxe4 Nxe4 19.Nxe4 dxe4 20.Nd2 Qc5+ 21.Qe3 
Qxc2 22.f6 Qc5 23.Qxc5 bxc5 24.Nxe4 Bxe4 25.Rxe4 Rab8 26.Rf5 gxf6 27.Rxf6 
Rxb2 28.Rxa6 f5 29.Re3 f4 30.Re4 Rd8 31.h4 Rd1+ 32.Kh2 Rdd2 33.Rxe5 Rxg2+ 
34.Kh1 f3 35.Rg5+ Rxg5 36.hxg5 Rg2 37.Rf6 Rg4 38.a5 Ra4 39.Rxf3 Rxa5 40.
Rf5 Kg7 41.Kg2 Kg6 42.Re5 Ra2+ 43.Kf3 Rc2 44.Ke3 c4 45.Kd4 Rc1 46.Rc5 Rd1+
47.Ke3 Re1+ 48.Kd4 c3 49.Kd3 Rf1 50.Rxc3 Kxg5 51.Ke2 Rf4 52.Rf3 Rg4 53.Rf1
h5 54.Kf2 Ra4 55.Kg3 Ra3+ 56.Kg2 Kg4 57.Rb1 Ra4 58.Rc1 h4 59.Rb1 Ra2+ 60.
Kg1 Ra3 61.Kg2 Rg3+ 62.Kh2 Rh3+ 63.Kg2 Rg3+ 64.Kh2 Rd3 65.Rb4+ Kf3 66.Rxh4
Rd2+ 67.Kh3 Rd1 68.Kh2 Rd2+ 69.Kh3 Rd1 1/2-1/2

[Event "11th Essent op"]
[Site "Hoogeveen NED"]
[Date "2007.10.20"]
[Round "9.25"]
[White "Otte, Marijn Willem"]
[Black "Sadallah, Osama"]
[Result "1-0"]
[WhiteElo "2155"]
[BlackElo "2108"]
[EventDate "2007.10.12"]
[PlyCount "47"]

1.e4 d6 2.d4 Nf6 3.Nc3 g6 4.Be3 c6 5.Qd2 b5 6.Bd3 a6 7.Nf3 Bg4 8.a4 Bxf3 
9.gxf3 b4 10.Ne2 Qa5 11.Nc1 Nbd7 12.Nb3 Qh5 13.Be2 c5 14.dxc5 Nxc5 15.Nxc5
dxc5 16.O-O-O Bg7 17.f4 Qh3 18.e5 Nh5 19.Bxh5 gxh5 20.Rhg1 Bh6 21.f5 Bxe3 
22.fxe3 Qxf5 23.Qg2 Qc8 24.Qg8+ 1-0

[Event "11th Essent op"]
[Site "Hoogeveen NED"]
[Date "2007.10.20"]
[Round "9.26"]
[White "Borg, Andrew"]
[Black "Fayard, Alain"]
[Result "0-1"]
[WhiteElo "2116"]
[BlackElo "2360"]
[EventDate "2007.10.12"]
[PlyCount "68"]

1.Nf3 c5 2.c4 Nf6 3.Nc3 Nc6 4.g3 d5 5.cxd5 Nxd5 6.Nxd5 Qxd5 7.Bg2 g6 8.O-O
Bg7 9.d3 O-O 10.Be3 Qd6 11.Qd2 e5 12.Rfc1 b6 13.Rab1 Be6 14.b3 Bd5 15.Qd1 
f5 16.Bd2 h6 17.Bc3 g5 18.Nd2 Bxg2 19.Kxg2 Rad8 20.Nc4 Qg6 21.Qc2 g4 22.
Rf1 Qh5 23.f4 exf4 24.Rxf4 Bxc3 25.Qxc3 Nd4 26.Qd2 Rde8 27.Re1 Re6 28.Kh1 
Rfe8 29.e3 Nf3 30.Rxf3 gxf3 31.a4 f4 32.gxf4 Rg6 33.Rg1 Rxg1+ 34.Kxg1 Re7 
0-1

[Event "11th Essent op"]
[Site "Hoogeveen NED"]
[Date "2007.10.20"]
[Round "9.27"]
[White "Van Kampen, Robin"]
[Black "Hendriks, Richard V"]
[Result "1-0"]
[WhiteElo "2475"]
[BlackElo "2125"]
[EventDate "2007.10.12"]
[PlyCount "61"]

1.e4 c5 2.Nf3 e6 3.d4 cxd4 4.Nxd4 Qb6 5.Nb3 Qc7 6.Bd3 a6 7.O-O d6 8.Be3 
Nf6 9.f4 b5 10.a4 b4 11.c3 Bb7 12.N1d2 d5 13.e5 Ne4 14.cxb4 Bxb4 15.Rc1 
Qd8 16.Qg4 g6 17.Rcd1 h5 18.Qe2 Nxd2 19.Nxd2 Nd7 20.Nf3 O-O 21.Ng5 Be7 22.
Nxe6 fxe6 23.Bxg6 Kg7 24.Qxh5 Rh8 25.Qg4 Rh6 26.f5 Rh4 27.Qg3 exf5 28.
Bxf5+ Kh8 29.e6 Nb8 30.Bd4+ Rxd4 31.Rxd4 1-0

[Event "11th Essent op"]
[Site "Hoogeveen NED"]
[Date "2007.10.20"]
[Round "9.28"]
[White "Pijpers, Arthur"]
[Black "Van den Berg, Ad"]
[Result "0-1"]
[WhiteElo "2000"]
[BlackElo "2248"]
[EventDate "2007.10.12"]
[PlyCount "82"]

1.e4 c5 2.Nf3 Nc6 3.d4 cxd4 4.Nxd4 g6 5.Nc3 Bg7 6.Be3 Nf6 7.Bc4 Qa5 8.f3 
Qb4 9.Bb3 Nxe4 10.Nxc6 Bxc3+ 11.bxc3 Qxc3+ 12.Ke2 dxc6 13.Bd4 e5 14.Bxc3 
Nxc3+ 15.Kf2 Nxd1+ 16.Raxd1 a5 17.a4 Ke7 18.Rhe1 f6 19.f4 Bg4 20.Rd2 Rhd8 
21.Rxd8 Rxd8 22.fxe5 Rd2+ 23.Kf1 Rd1 24.Rxd1 Bxd1 25.exf6+ Kxf6 26.h3 g5 
27.Kf2 Bh5 28.Bc4 Bg6 29.Bb3 Ke5 30.Ke3 Be4 31.g3 Bd5 32.c4 Be6 33.h4 h6 
34.hxg5 hxg5 35.Kd3 b5 36.Kc3 bxc4 37.Bxc4 Bxc4 38.Kxc4 Kd6 39.g4 c5 40.
Kb5 Kd5 41.Kxa5 Kc6 0-1

[Event "11th Essent op"]
[Site "Hoogeveen NED"]
[Date "2007.10.20"]
[Round "9.29"]
[White "Van Opheusden, Bas"]
[Black "Van Apeldoorn, Janton"]
[Result "1/2-1/2"]
[WhiteElo "2149"]
[BlackElo "2188"]
[EventDate "2007.10.12"]
[PlyCount "41"]

1.e4 c5 2.d4 cxd4 3.c3 Nf6 4.Bd3 dxc3 5.Nxc3 Nc6 6.Bg5 e6 7.Nf3 d6 8.O-O 
Be7 9.Qe2 Ng4 10.Bxe7 Qxe7 11.Bb5 Bd7 12.Rfd1 Rd8 13.Rd2 O-O 14.Rad1 a6 
15.Bxc6 Bxc6 16.Nd4 Ne5 17.f4 Ng6 18.Nxc6 bxc6 19.Qxa6 Qc7 20.g3 d5 21.Kg2
1/2-1/2

[Event "11th Essent op"]
[Site "Hoogeveen NED"]
[Date "2007.10.20"]
[Round "9.30"]
[White "Hulshof, Peter"]
[Black "Fehr, Axel"]
[Result "1-0"]
[WhiteElo "2163"]
[BlackElo "2150"]
[EventDate "2007.10.12"]
[PlyCount "97"]

1.e4 g6 2.Nc3 Bg7 3.g3 d6 4.Bg2 c5 5.d3 Nc6 6.f4 e5 7.Nh3 Nge7 8.O-O O-O 
9.f5 gxf5 10.exf5 f6 11.g4 Nd4 12.Ne4 Kh8 13.c3 Ndc6 14.Qe1 d5 15.Nxc5 Qb6
16.Qf2 Qc7 17.Nb3 b6 18.Qh4 Ba6 19.Rf3 Qd7 20.Nf2 Rf7 21.Qh5 Ng8 22.Bd2 
Raf8 23.Rh3 h6 24.Re1 Nce7 25.Qh4 Qa4 26.Ra1 Qd7 27.Qg3 Bc8 28.d4 e4 29.
Nc1 Qb5 30.b3 a5 31.a4 Qe8 32.Qe3 Nxf5 33.gxf5 Bxf5 34.Rg3 Bh7 35.Ne2 f5 
36.Nf4 Qc6 37.Rf1 Ne7 38.N2h3 Bf6 39.Nh5 Bh4 40.Qxh6 Bxg3 41.hxg3 Rg8 42.
Ng5 Rfg7 43.Nf6 Rc8 44.Ngxh7 Rg6 45.Qh4 Kg7 46.Nh5+ Kf7 47.Ng5+ Ke8 48.Qf4
Kd7 49.Nf7 1-0

[Event "11th Essent op"]
[Site "Hoogeveen NED"]
[Date "2007.10.20"]
[Round "9.31"]
[White "Fernandez, Daniel Howard"]
[Black "De Jong, Migchiel"]
[Result "1-0"]
[WhiteElo "2102"]
[BlackElo "2341"]
[EventDate "2007.10.12"]
[PlyCount "79"]

1.e4 e6 2.d4 d5 3.Nc3 Bb4 4.e5 Ne7 5.a3 Bxc3+ 6.bxc3 b6 7.a4 Ba6 8.Bxa6 
Nxa6 9.Nf3 Nb8 10.O-O Nbc6 11.Qd3 Na5 12.Nd2 O-O 13.f4 c5 14.Ba3 Rc8 15.
dxc5 bxc5 16.Rab1 Re8 17.Rb5 c4 18.Qe3 a6 19.Rbb1 Nf5 20.Qf2 h5 21.Nf3 Qd7
22.Bb4 Nc6 23.Bc5 Rb8 24.Bb6 Rb7 25.Ra1 Reb8 26.a5 Nce7 27.h3 Ng6 28.g4 
Nxf4 29.Qh2 Ng3 30.Rfe1 h4 31.Nxh4 Nge2+ 32.Rxe2 Nxe2+ 33.Qxe2 Qb5 34.Rf1 
Qb2 35.Qd2 d4 36.cxd4 Rd7 37.Nf3 Rd5 38.c3 Qa3 39.Ng5 Rb5 40.Qc2 1-0

[Event "11th Essent op"]
[Site "Hoogeveen NED"]
[Date "2007.10.20"]
[Round "9.32"]
[White "Klein, David"]
[Black "Christensen, Stefan"]
[Result "0-1"]
[WhiteElo "2086"]
[BlackElo "2304"]
[EventDate "2007.10.12"]
[PlyCount "74"]

1.e4 e6 2.d4 d5 3.Nd2 Nf6 4.e5 Nfd7 5.Bd3 c5 6.c3 Nc6 7.Ngf3 Be7 8.O-O g5 
9.dxc5 Ndxe5 10.Nxe5 Nxe5 11.Bb5+ Bd7 12.Bxd7+ Qxd7 13.b4 a5 14.Nb3 axb4 
15.cxb4 Nc4 16.Qf3 h5 17.Rd1 g4 18.Qc3 Rg8 19.Bf4 Bf8 20.Qd3 Rg6 21.Re1 
Bg7 22.Nd4 Kf8 23.Rac1 e5 24.Ne2 Nb2 25.Qd2 exf4 26.Nxf4 Rh6 27.b5 Re8 28.
Rxe8+ Qxe8 29.Qxd5 Qe5 30.Qd8+ Qe8 31.Qd5 Na4 32.Nd3 Nc3 33.Qxb7 Ne2+ 34.
Kf1 Nxc1 35.Nxc1 Re6 36.Nd3 Qd8 37.Nb2 Bxb2 0-1

[Event "11th Essent op"]
[Site "Hoogeveen NED"]
[Date "2007.10.20"]
[Round "9.33"]
[White "Ahlers, Ben"]
[Black "Galje, Hans"]
[Result "1-0"]
[WhiteElo "2190"]
[BlackElo "2143"]
[EventDate "2007.10.12"]
[PlyCount "67"]

1.e4 e6 2.d3 d5 3.Nd2 Nf6 4.g3 Bc5 5.Bg2 O-O 6.Ngf3 Nc6 7.O-O dxe4 8.dxe4 
e5 9.c3 a5 10.Qc2 h6 11.Nc4 Re8 12.Be3 Qe7 13.h3 b5 14.Bxc5 Qxc5 15.Ne3 
Be6 16.Rfd1 Rad8 17.Ne1 a4 18.Nd3 Qf8 19.b3 a3 20.b4 Nd7 21.Qc1 Nb6 22.
Qxa3 Ra8 23.Qb2 Red8 24.Bf1 Nc4 25.Nxc4 Bxc4 26.Nc5 Rxd1 27.Rxd1 Rxa2 28.
Qb1 Qa8 29.Bxc4 bxc4 30.b5 Ne7 31.Na6 Re2 32.Nxc7 Qb7 33.b6 Rxe4 34.Nd5 
1-0